书目信息 |
| 题名: |
磁学基础与磁性材料
|
|
| 作者: | 严密 , 彭晓领 编著 | |
| 分册: | ||
| 出版信息: | 杭州 浙江大学出版社 2006 |
|
| 页数: | 254页 | |
| 开本: | 26cm | |
| 丛书名: | ||
| 单 册: | ||
| 中图分类: | O441.2 | |
| 科图分类: | ||
| 主题词: | 磁学--高等学校--教材 , 磁性材料--高等学校--教材 , 磁学 , 磁性材料 | |
| 电子资源: | ||
| ISBN: | 7-308-04642-7 | |
| 000 | 00962nam0 2200289 450 | |
| 001 | 012007621440 | |
| 005 | 20070516175139.65 | |
| 010 | @a7-308-04642-7@dCNY25.00 | |
| 100 | @a20070508d2006 km y0chiy0120 ea | |
| 101 | 0 | @achi |
| 102 | @aCN@b330000 | |
| 105 | @aa z 000yy | |
| 106 | @ar | |
| 200 | 1 | @a磁学基础与磁性材料@Aci xue ji chu yu ci xing cai liao@f严密,彭晓领编著@Fyan mi,peng xiao ling bian zhu |
| 210 | @a杭州@c浙江大学出版社@d2006 | |
| 215 | @a254页@c图@d26cm | |
| 300 | @a新世纪高等院校精品教材 | |
| 330 | @a本书分两个部分,第1部分阐述磁学和材料磁性的基础理论和主要概念;第2部分阐述主要门类的磁性材料,包括软磁材料、永磁材料、磁电阴材料、磁致伸缩材料等。 | |
| 606 | 0 | @a磁学@x高等学校@j教材 |
| 606 | 0 | @a磁性材料@x高等学校@j教材 |
| 606 | 0 | @a磁学 |
| 606 | 0 | @a磁性材料 |
| 690 | @aO441.2@v4 | |
| 701 | 0 | @a严密@Ayan mi@4编著 |
| 701 | 0 | @a彭晓领@Apeng xiao ling@4编著 |
| 801 | 0 | @aCN@bRULIN@c20070516 |
| 905 | @dO441.2@e132@s5 | |
| 磁学基础与磁性材料/严密,彭晓领编著.-杭州:浙江大学出版社,2006 |
| 254页:图;26cm |
| 新世纪高等院校精品教材 |
| ISBN 7-308-04642-7:CNY25.00 |
| 本书分两个部分,第1部分阐述磁学和材料磁性的基础理论和主要概念;第2部分阐述主要门类的磁性材料,包括软磁材料、永磁材料、磁电阴材料、磁致伸缩材料等。 |
| ● |
| 相关链接 |
|
|
|
|
正题名:磁学基础与磁性材料
索取号:O441.2/132
 
预约/预借
| 序号 | 登录号 | 条形码 | 馆藏地/架位号 | 状态 | 备注 |
| 1 | 0571981 | 205719819 | 第二样本阅览室/ [索取号:O441.2/132] | 在馆 | |
| 2 | 0571982 | 205719828 | 第三借阅区/ [索取号:O441.2/132] | 在馆 | |
| 3 | 0571983 | 205719837 | 第三借阅区/ [索取号:O441.2/132] | 在馆 | |
| 4 | 0571984 | 205719846 | 第三借阅区/ [索取号:O441.2/132] | 在馆 | |
| 5 | 0571985 | 205719855 | 第三借阅区/ [索取号:O441.2/132] | 在馆 |